00686nam a2200169 a 450000100100000000500170001000800410002704000240006810000320009224500750012426000550019930000200025404900090027495201050028395201110038899900170049900003166420200930063104.0110629s20uu dr 000 0 spa d aDO-SdBNPbspabNPHU1 aLizardo Lasoce, Luis95795810aVoy soñando amor cuando llevo mis ilusiones /cLizardo Lasoce, Luis. a[Moca, República Dominicana] :b[s.n.],c[198u]. a27 p. ;c21 cm. aBNPD 0010718PDaPDbPDcHDd2011-06-29iLF1l0o p31664-10r2020-06-25w2020-06-25yLFPDZNo se presta 0010718PDaPDbPDcHDd2015-06-16iLF1l0o p31664-20r2020-06-25te. 2w2020-06-25yLFPDZNo se presta c31156d31156